|
|
|
|
| LEADER |
00000naa2a2200000 4500 |
| 001 |
632417 |
| 005 |
20231101133718.0 |
| 035 |
|
|
|a (RuTPU)RU\TPU\conf\34125
|
| 035 |
|
|
|a RU\TPU\conf\34121
|
| 090 |
|
|
|a 632417
|
| 100 |
|
|
|a 20201123d2020 k y0rusy50 ca
|
| 101 |
0 |
|
|a rus
|
| 102 |
|
|
|a RU
|
| 105 |
|
|
|a y z 101zy
|
| 135 |
|
|
|a drgn ---uucaa
|
| 181 |
|
0 |
|a i
|
| 182 |
|
0 |
|a b
|
| 200 |
1 |
|
|a Оптимизация проведения послеоперационного сочетанного курса лучевой терапии рака тела матки
|f М. А. Здерева, Нгуен Туан Ань, Н. Д. Тургунова
|g науч. рук. И. А. Милойчикова
|
| 203 |
|
|
|a Текст
|c электронный
|
| 225 |
1 |
|
|a Изотопы в биологии, медицине и экологии
|
| 230 |
|
|
|a 1 компьютерный файл (pdf; 237 Кб)
|
| 300 |
|
|
|a Заглавие с титульного экрана
|
| 320 |
|
|
|a [Библиогр.: с. 106 (3 назв.)]
|
| 338 |
|
|
|b Российский научный фонд
|d 19-79-10014
|
| 463 |
|
0 |
|0 (RuTPU)RU\TPU\conf\34043
|t Изотопы: технологии, материалы и применение
|o сборник тезисов докладов VI Международной научной конференции молодых ученых, аспирантов и студентов, г. Томск, 26-29 октября 2020 г.
|f Национальный исследовательский Томский политехнический университет (ТПУ)
|v [С. 105-106]
|d 2020
|
| 610 |
1 |
|
|a электронный ресурс
|
| 610 |
1 |
|
|a труды учёных ТПУ
|
| 610 |
1 |
|
|a оптимизация
|
| 610 |
1 |
|
|a курсы лечения
|
| 610 |
1 |
|
|a лучевая теория
|
| 610 |
1 |
|
|a злокачественные опухоли
|
| 610 |
1 |
|
|a дозовые нагрузки
|
| 610 |
1 |
|
|a компьютерная томография
|
| 700 |
|
1 |
|a Здерева
|b М. А.
|
| 701 |
|
0 |
|a Нгуен Туан Ань
|
| 701 |
|
1 |
|a Тургунова
|b Н. Д.
|c физик
|c инженер Томского политехнического университета
|f 1989-
|g Наталья Джурабоевна
|2 stltpush
|3 (RuTPU)RU\TPU\pers\30009
|
| 702 |
|
1 |
|a Милойчикова
|b И. А.
|c физик
|c инженер Томского политехнического университета
|f 1988-
|g Ирина Алексеевна
|2 stltpush
|4 727
|
| 712 |
0 |
2 |
|a Национальный исследовательский Томский политехнический университет
|b Инженерная школа ядерных технологий
|b Отделение ядерно-топливного цикла
|h 7864
|2 stltpush
|3 (RuTPU)RU\TPU\col\23554
|
| 801 |
|
2 |
|a RU
|b 63413507
|c 20201209
|g RCR
|
| 856 |
4 |
|
|u http://earchive.tpu.ru/handle/11683/64000
|
| 942 |
|
|
|c BK
|